| 000 | 01544nam a2200313 i 4500 | ||
|---|---|---|---|
| 003 | EG-GICUC | ||
| 005 | 20260427063618.0 | ||
| 008 | 260426s1994 ua |fr|||| 00| 0 ara d | ||
| 040 |
_a EG-GICUC _bara _c EG-GICUC _d EG-GICUC _erda |
||
| 041 | 1 | _aara | |
| 082 | 0 | 4 |
_221 _a341.851 _bع ن . م |
| 092 | 0 | 4 | _221 |
| 099 | _aLaw1 11 341.851 ع ن . م 1994 | ||
| 100 | 0 |
_aعنایت عبد الحميد ثابت _eمؤلف. |
|
| 245 | 1 | 0 |
_aمبدا الاختصاص القاصر لقانون القاضي بوصفه كذلك بحسبانه طريقة لفض تداخل مجالات انطباق القوانين / _bذي الطابع الدولي : _cد. عنایت عبد الحميد ثابت. |
| 264 | 3 |
_aالقاهرة : _bمطبعة جامعة القاهرة والكتاب الجامعي، _c1994. |
|
| 300 |
_a27 صفحة، _c24 سم |
||
| 336 |
_2rda content _atext |
||
| 337 |
_2rda media _aComputer |
||
| 338 |
_2rda carrier _aOnline Resource |
||
| 500 | _a مستلة مستخردة من مجلة القانون والاقتصاد للبحوث القانونية والاقتصادية العدد الواحد والستون السنة 1991 | ||
| 504 | _aيشتمل على إرجاعات ببليوجرافية. | ||
| 546 | _aالنص باللغة العربية | ||
| 590 | _aإهداء مكتبة الأستاذ الدكتور صلاح عامر | ||
| 650 | 1 | 4 | _aالقانون الدولي العام |
| 856 | 4 | 0 | _uhttps://fll.law.cu.edu.eg/fulltext/bks/B12-02929.pdf |
| 905 | _a48 | ||
| 942 |
_2ddc _cBK _e21 _n0 |
||
| 999 |
_c73464 _d73464 |
||